000 00272nam a2200121Ia 4500
100 _aMittal V.N
942 _cBK
654 _aAalternator
245 _aBasic Electrical Engineering
260 _bTata Mc Graw hill
_aNew Delhi
_c1990
300 _a697 0
546 _aENGLISH
999 _c25694
_d25694